000 01326nam a2200265 a 4500
001 000027802
003 DO-SdBNP
005 20150722110359.0
007 000027802
008 110405s2002 dr 000 0 spa d
040 _aBPMSU
_bspa
_cBPMSU
092 _axxxx
_bR426r
110 1 _aRepública Dominicana
_bSecretaría de Estado de Relaciones Exteriores
245 1 0 _aRecapitulación de los trabajos de demarcación de la línea fronteriza :
_binforme general que al Poder Ejecutivo presenta, por conducto de la Secretaría de Estado de Relaciones Exteriores, el ingeniero Manuel S. Gautier, presidente de la Sección Dominicana de la Comisión Delimitadora de Fronteras Domínico-Haitiana el 1 de abril de 1943 /
_ceditorial, Hugo Tolentino Dipp, Miguel Antonio Rodríguez Cabrer, Ada Hernández.
260 _aSanto Domingo :
_bEscuela Diplomática y Consular, Secretaría de Relaciones Exteriores,
_c2002.
_fEditora Centenario
300 _a58 p. ;
_c21 cm.
700 1 _aTolentino Dipp, Hugo,
_d1930-
_eed
700 1 _aRodríguez Cabrera, Miguel Antonio
_eed.
700 1 _aHernández, Ada
_eed.
930 1 _lBND01
_mLF1
_820110509
_f04
_pHD
_g19884
942 _2ddc
_cBK
956 _aIGARCIA
_b10
_c20110405
_lBND01
_h0829
956 _aLOPEREZ
_b10
_c20110509
_lBND01
_h1505
956 _aVMATEO
_b10
_c20150722
_lBPMSU
_h00151
999 _c7994
_d7994